| 000 | 00596nam a22001577a 4500 | ||
|---|---|---|---|
| 005 | 20120511131014.0 | ||
| 020 |
_a8122406769 _c00 |
||
| 035 | _aA-725098 | ||
| 037 |
_aDPL _bENG |
||
| 100 |
_aSathe, Vasant _946921 |
||
| 245 |
_aTax without tears for economic independence and national integration / _cby Vasant Sathe |
||
| 260 |
_aNew Delhi _bWiley Eastern Ltd. _c1994 |
||
| 300 |
_axviii, 101p. _c20 cms. |
||
| 942 |
_2ddc _cEN _h336.2 _mSAT |
||
| 999 |
_c66500 _d66500 |
||